000 00548nam a2200205 4500
003 OSt
005 20260530115304.0
008 260506b |||||||| |||| 00| 0 eng d
020 _a0718112792
040 _bspa
_cICI
050 _aCB53
_bS54
100 1 _aRobertson, Patrick
_931743
245 1 0 _aThe Shell Book of Firsts
264 1 _bEloury Press & Michael Joseph LTD
_c1974
_aGran Bretaña
300 _a256 páginas
336 _atexto
_2rdacontent
337 _asin medio
_2rdamedia
338 _avolumen
_2rdacarrier
942 _2ddc
_cBK
_n1
999 _c13023
_d13023